| 000 | 00782nam a2200205Ia 4500 | ||
|---|---|---|---|
| 003 | GCL | ||
| 008 | 140319s9999 xx 000 0 ara d | ||
| 040 |
_aGCL / _cGCL |
||
| 082 | 0 | 4 |
_a157 _bع ع |
| 100 | 1 | _aعبدالستار ابراهيم | |
| 245 | 1 | 0 |
_aالعلاج النفسى السلوكى المعرفى الحديث اساليبة وميادين تطبيقة / _cعبدالستار ابراهيم |
| 260 |
_aالقاهرة : _bدار الفجر للنشر والتوزيع ، _c1994 |
||
| 300 |
_a496 ص ؛ _c24 سم |
||
| 650 | 0 | 4 | _aعلم النفس |
| 650 | 0 | 4 | _aالاضطرابات النفسية |
| 650 | 0 | 4 | _aعلم النفس العلاجى |
| 650 | 0 | 4 | _aعلم النفس السلوكى |
| 650 | 0 | 4 | _aالاضطرابات العقلية |
| 942 |
_2ddc _cBK |
||
| 999 |
_c31716 _d31716 |
||